Problémy harmonizácie daňového základu v Európskej únii

Gespeichert in:
Bibliographische Detailangaben
1. Verfasser: Lénártová, Gizela
Format: Buchkapitel
Sprache:Slowakisch
Tags: Tag hinzufügen
Keine Tags, Fügen Sie das erste Tag hinzu!

MARC

LEADER 00000nla$a2200000$$$4500
001 0134752
005 20240502072519.2
041 0 |a slo 
044 |a SK 
245 1 0 |a Problémy harmonizácie daňového základu v Európskej únii  |c Gizela Lénártová 
100 1 |a Lénártová, Gizela